00490cam a2200169ua 45000010005000000080039000050400009000440820015000531000036000682450079001042500009001832600077001923000010002696530013002796530013002926530015003055356120825n cc |||gr||||Z||||||hin cMAIN a294.3823221 aSharan, Rishikesh,eTranslator.11aDhammapada : bpart 8-14(gatha aur kotha) / ctrns. by Rishikesh Sharan .  bV 2. aTaiwan:bThe corporate body of the buddha educational foundation,c2010. a232p. aReligion aBuddhism aDhammapada